00442 2200169 4500001002100000005001700021008004100038020001800079035002500097041000700122082000800129090001400137100001800151245004500169260004600214650001200260INLIS0000000000044120:yyyyMMddHHmmss180719||||||||| | ||| |||| || |  a979-678-326-6 a0010-031300000004412 aid0 a330 a330 LIZ p0 arudy lizwaril00aPelajaran IPS ekonomi untuk SLTP kelas 1 aBandungbPT SARANA PANCA KARYA NUSAc2003 0aekonomi